000 01037cam a22002771 4500
001 gs 14000741
003 DLC
005 20260227111316.0
008 761012s1913 oncabf b 000 0 eng c
010 _ags 14000741
035 _a(OCoLC)2497438
040 _aU.S. Geol. survey. Library
_cOGraD
_dNSbSU
_dDLC
042 _apremarc
050 0 0 _aQE185
_b.A2 no. 19
051 _aTN444.C4
_bB75
_cCopy 2.
100 1 _aLeroy, Osmond Edgar.
245 1 0 _aMother lode and Sunset mines, Boundary district, B.C.,
_cby O.E. LeRoy.
260 _aOttawa,
_bGovernment Printing Bureau,
_c1913.
300 _aiv, 56 p.
_billus., V pl. (incl. front.) 2 fold. maps (in pocket)
_c25 cm.
490 1 _aCanada. Geological Survey. Memoir 19, Geological series 26
500 _aAt head of title: Canada. Department of Mines ...
504 _a"Previous work and bibliography": p.5-6.
650 0 _aGeology
_zBritish Columbia.
650 0 _aMines and mineral resources
_zBritish Columbia.
830 0 _aMemoir (Geological Survey of Canada) ;
_vno. 19
999 _c25423
_d25423